000
00281nam a2200121Ia 4500
008
190216s9999||||xx |||||||||||||| ||und||
100
_a
Thakazhi
245
0
_a
Thotiyude Magan
260
_b
Sahithya Pravarthaka Sahakarana Sangam
300
_a
133
650
_a
Novel
942
_c
BK
999
_c
28497
_d
28497